| 000 | 00430nam a2200181Ia 4500 | ||
|---|---|---|---|
| 005 | 20240921120631.0 | ||
| 008 | 240921s9999||||xx |||||||||||||| ||und|| | ||
| 041 | _aENGLISH | ||
| 082 | _A005.133 M5 | ||
| 100 | _aHunter,Bruce H | ||
| 245 | 0 | _aUnderstanding C | |
| 250 | _a1st | ||
| 260 |
_c1985 _bBPB,New Delhi |
||
| 500 | _aBuffered FIles | ||
| 650 |
_aProgramming _bComputer Applications |
||
| 942 | _cBK | ||
| 999 |
_c247190 _d247190 |
||